Calculus. (Record no. 191651)
[ view plain ]
| 000 -LEADER | |
|---|---|
| fixed length control field | 00684 a2200205 4500 |
| 020 ## - INTERNATIONAL STANDARD BOOK NUMBER | |
| International Standard Book Number | 0471000051 |
| 020 ## - INTERNATIONAL STANDARD BOOK NUMBER | |
| International Standard Book Number | 9780471000051 |
| 082 04 - DEWEY DECIMAL CLASSIFICATION NUMBER | |
| Classification number | 517 |
| 090 ## - LOCALLY ASSIGNED LC-TYPE CALL NUMBER (OCLC); LOCAL CALL NUMBER (RLIN) | |
| -- | 825 |
| -- | 825 |
| 100 1# - MAIN ENTRY--PERSONAL NAME | |
| Personal name | Apostol, Tom M. |
| 245 10 - TITLE STATEMENT | |
| Title | Calculus. |
| Number of part/section of a work | Vol. 1 : |
| Remainder of title | one-variable calculus with an introduction to linear algebra / |
| Statement of responsibility, etc. | Tom M. Apostol. |
| 250 ## - EDITION STATEMENT | |
| Edition statement | 2nd ed. |
| 260 ## - PUBLICATION, DISTRIBUTION, ETC. | |
| Place of publication, distribution, etc. | [S.l.] : |
| Name of publisher, distributor, etc. | Wiley, |
| Date of publication, distribution, etc. | 2005 |
| 300 ## - PHYSICAL DESCRIPTION | |
| Extent | 666 p. ; |
| Dimensions | 26 cm. |
| 490 1# - SERIES STATEMENT | |
| Series statement | Second edition) (volume 1. |
| 700 ## - ADDED ENTRY--PERSONAL NAME | |
| Personal name | Apostol, Tom M. |
| 830 #0 - SERIES ADDED ENTRY--UNIFORM TITLE | |
| Uniform title | Second edition) (volume 1. |
| 942 ## - ADDED ENTRY ELEMENTS (KOHA) | |
| Institution code [OBSOLETE] | SNS |
| Koha item type | Book |
| Call number prefix | 517 APO |
| Withdrawn status | Lost status | Source of classification or shelving scheme | Damaged status | Not for loan | Collection code | Permanent Location | Current Location | Date acquired | Total Checkouts | Full call number | Barcode | Date last seen | Price effective from | Koha item type |
|---|---|---|---|---|---|---|---|---|---|---|---|---|---|---|
| Military College of Signals (MCS) | Military College of Signals (MCS) | 12/12/2016 | 515 APO | MCSEB-872 | 12/08/2016 | 12/12/2016 | Book |
